[Event "Leicestershire County Championships 201"]
[Site "?"]
[Date "2013.05.09"]
[Round "?"]
[White "Sharpe, Graham J"]
[Black "Ganger, Rajan"]
[Result "0-1"]
[WhiteElo "2122"]
[BlackElo "1982"]
[PlyCount "66"]
[EventDate "2013.??.??"]
[SourceTitle "OM OTB B 201907"]
[Source "Opening Master"]
[SourceDate "2019.07.06"]
[SourceVersion "2"]
[SourceVersionDate "2019.07.06"]
[SourceQuality "1"]

1. e4 e5 2. Nf3 Nc6 3. c3 Nf6 4. d4 exd4 5. e5 Nd5 6. Bb5 a6 7. Ba4 Nb6 8. cxd4
Nxa4 9. Qxa4 d5 10. Be3 Bg4 11. Nbd2 Qd7 12. Qb3 O-O-O 13. O-O-O h6 14. a3 Bf5
15. h3 Na5 16. Qc3 Qa4 17. b4 Nc6 18. Kb2 a5 19. bxa5 Nxa5 20. Ra1 Kb8 21. Rhc1
Rc8 22. Ne1 h5 23. Nd3 Qb5+ 24. Nb4 Nc6 25. Kb3 Nxe5 26. dxe5 c5 27. e6 d4 28.
Bxd4 Bxe6+ 29. Kb2 cxd4 30. Qxd4 Be7 31. Qf4+ Ka8 32. Nb3 Bf6+ 33. Ka2 Qe2+ 0-1

[Event "Durres op"]
[Site "Durres"]
[Date "2013.05.08"]
[Round "6"]
[White "Drazic, Sinisa"]
[Black "Blagojevic, Dragisa"]
[Result "0-1"]
[WhiteElo "2468"]
[BlackElo "2520"]
[PlyCount "152"]
[EventDate "2013.05.04"]
[EventType "swiss"]
[EventRounds "9"]
[EventCountry "ALB"]
[SourceTitle "EXT 2016"]
[Source "ChessBase"]
[SourceDate "2015.10.10"]
[SourceVersion "1"]
[SourceVersionDate "2015.10.10"]
[SourceQuality "1"]

1. e4 e5 2. Nf3 Nc6 3. c3 Nf6 4. d4 Nxe4 5. d5 Nb8 6. Nxe5 Qe7 7. Qd4 d6 8.
Qxe4 Qxe5 9. Nd2 Nd7 10. Bd3 Qxe4+ 11. Nxe4 g6 12. Bg5 Bg7 13. Bb5 h6 14. Bf6
O-O 15. Bxd7 Bxd7 16. Kd2 Rfe8 17. f3 Bf5 18. Bxg7 Kxg7 19. Ng3 Re5 20. c4 Kf6
21. Rhe1 Rae8 22. Rxe5 Rxe5 23. a4 a5 24. Ne2 Bd7 25. Nc3 g5 26. Rb1 b6 27. b3
Re8 28. Rf1 Kg6 29. Rf2 Kf5 30. Ne2 Kg6 31. Nd4 Re5 32. g3 Re8 33. Nc2 Re7 34.
Ne3 Re8 35. Rg2 Bh3 36. Rg1 Bd7 37. Rh1 h5 38. h4 f6 39. Ke2 g4 40. fxg4 Bxg4+
41. Kd2 Bf3 42. Re1 Rg8 43. Nc2 Kf7 44. Rg1 c5 45. dxc6 Bxc6 46. Nd4 Be4 47.
Re1 f5 48. Re3 Kf6 49. Ne2 d5 50. Kc3 Ke5 51. cxd5 Rc8+ 52. Kd2 Kxd5 53. Rc3
Rxc3 54. Nxc3+ Ke5 55. Ne2 Bd5 56. Kc3 Ke4 57. Nd4 Bg8 58. Nc6 Kf3 59. Nd4+ Kg4
60. b4 Bd5 61. Ne2 Bf3 62. Nd4 Bd1 63. Kd2 Bxa4 64. bxa5 bxa5 65. Ke3 Bd7 66.
Kf2 a4 67. Nc2 f4 68. gxf4 Kxf4 69. Ke2 Bf5 70. Na3 Kg4 71. Nc4 Kxh4 72. Kd2
Kg3 73. Ne3 Be6 74. Nf1+ Kf2 75. Ne3 h4 76. Nd1+ Kf3 0-1

[Event "BCF-chT2 1213 (4NCL)"]
[Site "England"]
[Date "2013.05.05"]
[Round "10.16"]
[White "Burton, Graham P"]
[Black "Nitz, Tomas"]
[Result "1/2-1/2"]
[WhiteElo "2052"]
[BlackElo "2122"]
[PlyCount "109"]
[EventDate "2012.11.03"]
[EventType "team-swiss"]
[EventRounds "11"]
[EventCountry "ENG"]
[SourceTitle "EXT 2014"]
[Source "ChessBase"]
[SourceDate "2013.11.20"]
[SourceVersion "1"]
[SourceVersionDate "2013.11.20"]
[SourceQuality "1"]
[WhiteTeam "3CS Oldham"]
[BlackTeam "Oxford"]
[WhiteTeamCountry "ENG"]
[BlackTeamCountry "ENG"]

1. e4 e5 2. Nf3 Nc6 3. c3 d5 4. Qa4 f6 5. Bb5 Nge7 6. exd5 Qxd5 7. d4 Bg4 8. c4
Qe4+ 9. Be3 Bxf3 10. Nd2 Qg6 11. gxf3 exd4 12. Bxd4 a6 13. O-O-O O-O-O 14. Nb3
Nxd4 15. Nxd4 Nf5 16. Ne6 Rxd1+ 17. Rxd1 Bd6 18. Bxa6 bxa6 19. c5 Re8 20. Qxa6+
Kd7 21. cxd6 Nxd6 22. Nxc7 Kxc7 23. Qxd6+ Kb7 24. Qd7+ Kb8 25. Qb5+ Ka8 26.
Qa6+ Kb8 27. Qb6+ Ka8 28. Rd8+ Rxd8 29. Qxd8+ Kb7 30. Qd7+ Kb8 31. Qb5+ Kc7 32.
Qa4 Kb8 33. Qf4+ Ka7 34. Qg4 Qh6+ 35. Kb1 Qxh2 36. Qxg7+ Ka8 37. Qf8+ Ka7 38.
Qc5+ Ka8 39. Qd5+ Ka7 40. Qd4+ Ka8 41. Qe4+ Ka7 42. Qe7+ Ka8 43. Qf8+ Ka7 44.
Qa3+ Kb8 45. Qb4+ Ka7 46. Qd4+ Ka8 47. Qe4+ Ka7 48. a4 h5 49. Qd4+ Ka8 50. Qd8+
Ka7 51. Qd7+ Ka8 52. Qc6+ Ka7 53. Qc5+ Ka8 54. Qd5+ Ka7 55. Ka2 1/2-1/2

[Event "Valladolid Piolin op"]
[Site "Valladolid"]
[Date "2013.05.05"]
[Round "9"]
[White "Fernandez de Pablo, Miguel Angel"]
[Black "Soria Alonso, Jorge"]
[Result "1-0"]
[WhiteElo "2104"]
[BlackElo "1686"]
[PlyCount "69"]
[EventDate "2013.03.10"]
[EventType "swiss"]
[EventRounds "11"]
[EventCountry "ESP"]
[SourceTitle "EXT 2014"]
[Source "ChessBase"]
[SourceDate "2013.11.20"]
[SourceVersion "1"]
[SourceVersionDate "2013.11.20"]
[SourceQuality "1"]

1. e4 e5 2. Nf3 Nc6 3. c3 d6 4. d4 Bg4 5. d5 Nce7 6. h3 Bd7 7. c4 c5 8. dxc6
Bxc6 9. Nc3 g6 10. Bd3 Bg7 11. O-O Nf6 12. b4 b6 13. b5 Bb7 14. Ba3 Qc7 15. Re1
Nd7 16. Nd5 Bxd5 17. cxd5 O-O 18. Rc1 Nc5 19. Bxc5 bxc5 20. a4 h6 21. Nd2 f5
22. Nc4 f4 23. f3 Rfb8 24. Qb3 a5 25. b6 Nc8 26. Rb1 Qb7 27. Qb5 Kh7 28. Qc6
Bf8 29. Rb5 Ra6 30. Reb1 Be7 31. Nxa5 Qxc6 32. Nxc6 Rb7 33. a5 Bh4 34. R5b2 Ra8
35. a6 1-0

[Event "SRB-ch U16"]
[Site "Vrnjacka Banja"]
[Date "2013.05.05"]
[Round "8"]
[White "Markovic, Aleksandar"]
[Black "Besedes, Danilo"]
[Result "1-0"]
[WhiteElo "2106"]
[BlackElo "1872"]
[PlyCount "75"]
[EventDate "2013.04.30"]
[EventType "swiss"]
[EventRounds "9"]
[EventCountry "SRB"]
[SourceTitle "CBM 154 Extra"]
[Source "ChessBase"]
[SourceDate "2013.06.25"]
[SourceVersion "2"]
[SourceVersionDate "2013.06.25"]
[SourceQuality "1"]

1. e4 e5 2. Nf3 Nc6 3. c3 Nf6 4. d4 Nxe4 5. d5 Ne7 6. Nxe5 Ng6 7. Nxg6 hxg6 8.
Bd3 Nf6 9. c4 Be7 10. Nc3 d6 11. Qc2 a6 12. Bd2 Nd7 13. O-O-O Nc5 14. Rde1
Nxd3+ 15. Qxd3 Kf8 16. Ne4 Bf5 17. f3 b5 18. g4 Bxe4 19. Rxe4 Bh4 20. f4 Qd7
21. h3 Re8 22. Rh2 Rxe4 23. Qxe4 f5 24. Qe2 Kf7 25. g5 Re8 26. Qf3 b4 27. Re2
a5 28. Rxe8 Qxe8 29. Qe3 Qxe3 30. Bxe3 Ke7 31. Kc2 Be1 32. Kb3 Kd7 33. Ka4 Kc8
34. b3 Kb7 35. Kb5 Bc3 36. c5 Be1 37. c6+ Kc8 38. Kxa5 1-0

[Event "FRA-ch U20"]
[Site "Saint Paul Trois Chateaux"]
[Date "2013.05.04"]
[Round "8"]
[White "Armas, Lena"]
[Black "Durand, Victor"]
[Result "0-1"]
[WhiteElo "1903"]
[BlackElo "2044"]
[PlyCount "174"]
[EventDate "2013.04.28"]
[EventType "swiss"]
[EventRounds "9"]
[EventCountry "FRA"]
[SourceTitle "CBM 154 Extra"]
[Source "ChessBase"]
[SourceDate "2013.06.25"]
[SourceVersion "2"]
[SourceVersionDate "2013.06.25"]
[SourceQuality "1"]

1. e4 e5 2. Nf3 Nc6 3. c3 Nf6 4. d4 Nxe4 5. d5 Ne7 6. Nxe5 Ng6 7. Nxg6 hxg6 8.
Bd3 Nf6 9. c4 d6 10. O-O Be7 11. Re1 O-O 12. Nc3 Nd7 13. Bf4 Bg5 14. Qd2 Bxf4
15. Qxf4 Ne5 16. Rad1 Re8 17. Kf1 Bd7 18. Ne4 Bf5 19. b3 Qd7 20. Bb1 Bxe4 21.
Rxe4 a5 22. Bc2 f5 23. Re2 Ng4 24. Rde1 Rxe2 25. Rxe2 Re8 26. h3 Rxe2 27. Kxe2
Qe7+ 28. Kf1 Qe5 29. Qxe5 Nxe5 30. f4 Nd7 31. g4 Nf6 32. gxf5 gxf5 33. Bxf5 Nh5
34. Be6+ Kf8 35. f5 Nf4 36. h4 Nd3 37. Bc8 b6 38. Kg2 Nc1 39. a4 Nxb3 40. Bd7
Ke7 41. Bb5 Kf6 42. Kg3 Kxf5 43. Bd7+ Kf6 44. Kf4 Nc5 45. Bb5 Nd3+ 46. Kg4 Ne5+
47. Kf4 Nf7 48. h5 Ne5 49. Ba6 g6 50. hxg6 Nxg6+ 51. Ke4 Kg5 52. Bb5 Ne5 53.
Ba6 Nd7 54. Bb5 Nf6+ 55. Ke3 Kf5 56. Ba6 Ke5 57. Bc8 Nh5 58. Bd7 Ng7 59. Bc8
Ne8 60. Bd7 Nf6 61. Bc6 Ne4 62. Bd7 Nc5 63. Bc6 Nb3 64. Bd7 Nd4 65. Bc8 Nc2+
66. Kd3 Nd4 67. Bb7 Nf5 68. Bc8 Kf4 69. Bd7 Ne7 70. Kd4 Ng6 71. Bb5 Ne5 72. Be8
Kf3 73. Bh5+ Kf2 74. Be8 Ke2 75. Bb5 Kd2 76. Ke4 Kc3 77. Kf5 Nxc4 78. Ke6 Ne5
79. Ke7 Kd4 80. Kd8 Kxd5 81. Kxc7 Kc5 82. Kd8 d5 83. Ke7 d4 84. Ke6 Nc4 85. Be8
d3 86. Bh5 d2 87. Kf5 d1=Q 0-1

[Event "Foment Martinenc op-B 15th"]
[Site "Barcelona"]
[Date "2013.05.04"]
[Round "3"]
[White "Gil Hidalgo, Abel"]
[Black "Sarrio Vendrell, Nerea"]
[Result "0-1"]
[WhiteElo "1700"]
[BlackElo "1723"]
[PlyCount "60"]
[EventDate "2013.04.20"]
[EventType "swiss"]
[EventRounds "9"]
[EventCountry "ESP"]
[SourceTitle "CBM 154 Extra"]
[Source "ChessBase"]
[SourceDate "2013.06.25"]
[SourceVersion "2"]
[SourceVersionDate "2013.06.25"]
[SourceQuality "1"]

1. e4 e5 2. Nf3 Nc6 3. c3 Nf6 4. Bb5 a6 5. Bxc6 dxc6 6. d3 Bg4 7. Nbd2 Bc5 8.
Qb3 Bxf3 9. Nxf3 O-O 10. h3 Qxd3 11. Nxe5 Qxe4+ 12. Kf1 Qxe5 13. Be3 Bxe3 14.
fxe3 Qxe3 15. Re1 Qb6 16. Qc2 Rfe8 17. Rd1 Rad8 18. Rxd8 Rxd8 19. g4 Qb5+ 20.
Kg2 Re8 21. c4 Qe5 22. Rd1 h6 23. Rd2 Qe4+ 24. Qxe4 Rxe4 25. b3 b5 26. c5 a5
27. Kf3 Re5 28. Rc2 Nd5 29. a3 Re3+ 30. Kf2 Rxb3 0-1

[Event "9th Open de Primavera"]
[Site "?"]
[Date "2013.05.04"]
[Round "?"]
[White "Diez Viera, Oscar"]
[Black "Lakunza Oyarbide, Juan Carlos"]
[Result "0-1"]
[WhiteElo "1807"]
[BlackElo "2122"]
[PlyCount "70"]
[EventDate "2013.??.??"]
[SourceTitle "OM OTB B 201907"]
[Source "Opening Master"]
[SourceDate "2019.07.06"]
[SourceVersion "2"]
[SourceVersionDate "2019.07.06"]
[SourceQuality "1"]

1. e4 e5 2. Nf3 Nc6 3. c3 d5 4. Qa4 f6 5. exd5 Qxd5 6. d4 Bd7 7. Bb5 a6 8. Bxc6
Bxc6 9. Qc2 exd4 10. cxd4 O-O-O 11. Nc3 Qh5 12. d5 Bxd5 13. Nxd5 Rxd5 14. O-O
Bd6 15. h3 g5 16. Qe4 Ne7 17. Qe6+ Kb8 18. Qxf6 Rg8 19. Bxg5 Rf5 20. Qc3 Nd5
21. Qb3 Rxf3 22. Qxf3 Qxf3 23. gxf3 Rxg5+ 24. Kh1 Rh5 25. Rab1 Rxh3+ 26. Kg1
Bh2+ 27. Kh1 Bd6+ 28. Kg1 Nf4 29. Rfe1 Rxf3 30. Re8+ Ka7 31. Rh8 h5 32. Re1 Rd3
33. b3 Rd2 34. a4 a5 35. f3 Nh3+ 0-1

[Event "Miedzyzdroje op 3rd"]
[Site "Miedzyzdroje"]
[Date "2013.05.03"]
[Round "7"]
[White "Galazewski, Tomasz"]
[Black "Grabarczyk, Miroslaw"]
[Result "1/2-1/2"]
[WhiteElo "2250"]
[BlackElo "2452"]
[PlyCount "49"]
[EventDate "2013.04.27"]
[EventType "swiss"]
[EventRounds "9"]
[EventCountry "POL"]
[SourceTitle "CBM 154 Extra"]
[Source "ChessBase"]
[SourceDate "2013.06.25"]
[SourceVersion "2"]
[SourceVersionDate "2013.06.25"]
[SourceQuality "1"]

1. e4 e5 2. Nf3 Nc6 3. c3 Nf6 4. d4 d6 5. Bb5 Bd7 6. O-O Be7 7. Re1 O-O 8. h3
Re8 9. dxe5 Nxe5 10. Nxe5 dxe5 11. Bc4 Bc5 12. b4 Bb6 13. Bg5 Be6 14. Nd2 h6
15. Bh4 a5 16. b5 Qe7 17. Qe2 Bc5 18. Nf1 b6 19. Nd2 Rad8 20. Nf3 g5 21. Nd2
Ra8 22. Rad1 Nd7 23. Bg3 a4 24. Nb3 Nf6 25. Bh4 1/2-1/2

[Event "Dorastenecka liga 2013 finale"]
[Site "Liptovsky Hradok"]
[Date "2013.05.03"]
[Round "1.1"]
[White "Pechac, Jergus"]
[Black "Lintner, Igor"]
[Result "1-0"]
[WhiteElo "2165"]
[BlackElo "1802"]
[PlyCount "25"]
[EventDate "2013.05.03"]
[EventRounds "5"]
[EventCountry "SVK"]
[SourceTitle "OM OTB B 201907"]
[Source "Opening Master"]
[SourceDate "2019.07.06"]
[SourceVersion "2"]
[SourceVersionDate "2019.07.06"]
[SourceQuality "1"]

1. e4 e5 2. Nf3 Nc6 3. c3 f5 4. d4 fxe4 5. Nxe5 Nf6 6. Bb5 a6 7. Bxc6 bxc6 8.
Bg5 Rb8 9. Nd2 Bb7 10. Nxe4 Qe7 11. O-O d6 12. Bxf6 gxf6 13. Qh5+ 1-0

[Event "RN-2013-0-00641"]
[Site "Lechenicher SchachServer"]
[Date "2013.05.03"]
[Round "?"]
[White "Bortnicker, Justin"]
[Black "Ventura, Bob"]
[Result "1-0"]
[WhiteElo "812"]
[BlackElo "731"]
[PlyCount "35"]
[EventDate "2013.04.25"]

1. e4 e5 2. Nf3 Nc6 3. c3 a6 4. d4 exd4 5. cxd4 d5 6. Nc3 Bg4 7. Be2 Nf6 8. Bg5
Be7 9. Bxf6 Bxf6 10. e5 Bg5 11. Nxg5 Bxe2 12. Qxe2 Qxg5 13. Nxd5 O-O 14. O-O
Nxd4 15. Qe4 Ne6 16. f4 Qd8 17. Rad1 Qc8 18. Ne7+ 1-0

[Event "RN-2013-0-00641"]
[Site "Lechenicher SchachServer"]
[Date "2013.05.03"]
[Round "?"]
[White "Cherry, Brian"]
[Black "Neumann, Frank"]
[Result "1-0"]
[WhiteElo "695"]
[BlackElo "571"]
[PlyCount "113"]
[EventDate "2013.04.25"]

1. e4 e5 2. Nf3 Nc6 3. c3 Nf6 4. d4 Bd6 5. dxe5 Nxe5 6. Bf4 Nxf3+ 7. Qxf3 O-O
8. Bxd6 cxd6 9. Qd3 Re8 10. f3 a6 11. Qxd6 Re5 12. Qxe5 d6 13. Qg3 Nh5 14. Qf2
b5 15. Nd2 Bb7 16. O-O-O Rc8 17. g3 b4 18. c4 g6 19. b3 a5 20. Qa7 Rb8 21. Be2
Nf6 22. h4 Qc7 23. Qd4 Qe7 24. Bd3 Kf8 25. Qb6 Qd8 26. Qxd8+ Rxd8 27. Kb2 Ke7
28. Bc2 h5 29. Rhe1 Ke6 30. Nf1 Ke5 31. Ne3 Nd7 32. f4+ Ke6 33. Rd2 f6 34. Red1
Nc5 35. e5 fxe5 36. Bxg6 Bf3 37. Rf1 Bg4 38. Nxg4 Rg8 39. Bxh5 Ne4 40. f5+ Ke7
41. Rd3 Rh8 42. Bg6 Nf6 43. Nxf6 Kxf6 44. Rxd6+ Ke7 45. Re6+ Kd7 46. Rd1+ Kc7
47. Rxe5 Rg8 48. Rxa5 Kb6 49. Re5 Kc6 50. h5 Kc7 51. f6 Kc6 52. f7 Rf8 53. Re8
Rxf7 54. Bxf7 Kc5 55. Rd5+ Kc6 56. h6 Kc7 57. h7 1-0

[Event "NED-ch U21"]
[Site "Sneek"]
[Date "2013.05.02"]
[Round "6"]
[White "Haver, Bas"]
[Black "Van Meegen, Ruud"]
[Result "1/2-1/2"]
[WhiteElo "2067"]
[BlackElo "1994"]
[PlyCount "63"]
[EventDate "2013.04.27"]
[EventType "swiss"]
[EventRounds "9"]
[EventCountry "NED"]
[SourceTitle "EXT 2014"]
[Source "ChessBase"]
[SourceDate "2013.11.20"]
[SourceVersion "1"]
[SourceVersionDate "2013.11.20"]
[SourceQuality "1"]

1. e4 e5 2. Nf3 Nc6 3. c3 Nf6 4. d4 exd4 5. e5 Nd5 6. Bb5 Be7 7. cxd4 O-O 8.
Qb3 Nb6 9. O-O d6 10. Nc3 dxe5 11. Bxc6 bxc6 12. dxe5 Bb7 13. Rd1 Qc8 14. Bf4
c5 15. Nd2 Qg4 16. Bg3 h5 17. f3 Qf5 18. Rac1 h4 19. Bf2 Qxe5 20. Re1 Qf4 21.
Rxe7 Qxd2 22. Rce1 Qg5 23. R7e5 Qg6 24. Bxh4 Bxf3 25. Bg3 c4 26. Qa3 Bb7 27.
Rc5 Rfe8 28. Rf1 Qc2 29. Bf2 Qg6 30. Bg3 Qc2 31. Bf2 Qg6 32. Bg3 1/2-1/2

[Event "corr VM2012/Rd.2/Gr.9"]
[Site "www.desc-online.de"]
[Date "2013.05.01"]
[Round "2.4"]
[White "De Backer, Bosse"]
[Black "Wichert, Gerd"]
[Result "1/2-1/2"]
[WhiteElo "2183"]
[BlackElo "2274"]
[PlyCount "86"]
[EventDate "2012.04.01"]
[EventType "tourn (corr)"]
[SourceTitle "OM Corr 202003"]
[Source "Opening Master"]
[SourceDate "2019.05.30"]
[SourceVersion "2"]
[SourceVersionDate "2019.05.30"]
[SourceQuality "1"]
[WhiteTeam "Suedwester"]
[BlackTeam "DESC.Europe"]

1. e4 e5 2. Nf3 Nc6 3. c3 d5 4. Qa4 Nf6 5. Nxe5 Bd6 6. Nxc6 bxc6 7. d3 O-O 8.
Be2 Re8 9. Nd2 Bg4 10. f3 Bd7 11. Qd4 a5 12. Qf2 Nh5 13. g3 Bh3 14. d4 dxe4 15.
Nxe4 Nf6 16. Ng5 Qd7 17. Nxh3 Qxh3 18. Qf1 Qd7 19. Kf2 Rad8 20. Bg5 Qf5 21.
Bxf6 Qxf6 22. Rd1 Rb8 23. b3 c5 24. Bb5 Re7 25. Kg2 Re3 26. Rd3 cxd4 27. cxd4
Re7 28. Rd1 Bb4 29. Qc4 Re3 30. Rhf1 Rb6 31. Rf2 h5 32. Qf1 Rbe6 33. Bc4 Re7
34. Re2 Rxe2+ 35. Bxe2 c5 36. f4 g6 37. f5 cxd4 38. fxg6 Qc6+ 39. Bf3 Qc2+ 40.
Kh3 Qf5+ 41. Kg2 Qc2+ 42. Kh3 Qf5+ 43. Kg2 Qc2+ 1/2-1/2

[Event "Hessen-ch Seniors op 9th"]
[Site "Bad Sooden"]
[Date "2013.04.28"]
[Round "9"]
[White "Wiebke, Elfriede"]
[Black "Freerksen, Uwe"]
[Result "1-0"]
[WhiteElo "1395"]
[BlackElo "1562"]
[PlyCount "87"]
[EventDate "2013.04.20"]
[EventType "swiss"]
[EventRounds "9"]
[EventCountry "GER"]
[SourceTitle "OM OTB B 201907"]
[Source "Opening Master"]
[SourceDate "2019.07.06"]
[SourceVersion "2"]
[SourceVersionDate "2019.07.06"]
[SourceQuality "1"]

1. e4 e5 2. Nf3 Nc6 3. c3 d6 4. Bb5 Bd7 5. O-O Nf6 6. d3 a6 7. Bc4 Na5 8. Nbd2
Nxc4 9. Nxc4 b5 10. Ne3 g6 11. Qb3 Bg7 12. Nd5 Be6 13. Ng5 Nxd5 14. Nxe6 fxe6
15. exd5 O-O 16. dxe6 Kh8 17. g3 Rf3 18. Qd5 Rf5 19. h4 Rc8 20. Bg5 Bf6 21. a4
Bxg5 22. hxg5 c6 23. Qe4 Qxg5 24. axb5 axb5 25. Ra7 d5 26. Qh1 h5 27. Qh4 Qh6
28. f4 exf4 29. gxf4 Re8 30. Qe1 Rxf4 31. Qe5+ Kg8 32. Rxf4 Qh8 33. Rf6 Qh6 34.
e7 Qc1+ 35. Rf1 Kh7 36. Qf6 Qe3+ 37. Rf2 Qc1+ 38. Rf1 Qe3+ 39. Qf2 Qg5+ 40. Qg2
Qe3+ 41. Qf2 Qg5+ 42. Kh2 Qe5+ 43. Qf4 Rxe7 44. Qxe5 1-0

[Event "ITA-chT 45th "]
[Site "Bratto"]
[Date "2013.04.28"]
[Round "2"]
[White "Shytaj, Luca"]
[Black "Godena, Michele"]
[Result "1/2-1/2"]
[WhiteElo "2469"]
[BlackElo "2511"]
[PlyCount "27"]
[EventDate "2013.04.27"]
[EventType "team-swiss"]
[EventRounds "7"]
[EventCountry "ITA"]
[SourceTitle "CBM 154 Extra"]
[Source "ChessBase"]
[SourceDate "2013.06.25"]
[SourceVersion "2"]
[SourceVersionDate "2013.06.25"]
[SourceQuality "1"]
[WhiteTeam "Nereto Libertas"]
[BlackTeam "Padova Obiettivo Risarcimento"]
[WhiteTeamCountry "ITA"]
[BlackTeamCountry "ITA"]

1. e4 e5 2. Nf3 Nc6 3. c3 Nf6 4. d4 exd4 5. e5 Nd5 6. Bb5 a6 7. Ba4 Nb6 8. cxd4
Nxa4 9. Qxa4 Bb4+ 10. Bd2 Bxd2+ 11. Nbxd2 O-O 12. O-O d6 13. Rfe1 Be6 14. Rac1
1/2-1/2

[Event "CZE-chT 1213"]
[Site "Czechia"]
[Date "2013.04.27"]
[Round "10.3"]
[White "Simacek, Pavel"]
[Black "Yemelin, Vasily"]
[Result "1/2-1/2"]
[WhiteElo "2486"]
[BlackElo "2574"]
[PlyCount "54"]
[EventDate "2012.11.03"]
[EventType "team-tourn"]
[EventRounds "11"]
[EventCountry "CZE"]
[SourceTitle "EXT 2014"]
[Source "ChessBase"]
[SourceDate "2013.11.20"]
[SourceVersion "1"]
[SourceVersionDate "2013.11.20"]
[SourceQuality "1"]
[WhiteTeam "Grygov"]
[BlackTeam "Lysa nad Labem"]
[WhiteTeamCountry "CZE"]
[BlackTeamCountry "CZE"]

1. e4 e5 2. Nf3 Nc6 3. c3 Nf6 4. d4 Qe7 5. d5 Nd8 6. Bd3 g6 7. c4 Bg7 8. Nc3
O-O 9. Qc2 d6 10. h3 Nd7 11. Be3 Nc5 12. Be2 f5 13. O-O-O Nf7 14. Nd2 Bh6 15.
Bxc5 dxc5 16. Kb1 Nd6 17. Bd3 Bd7 18. h4 Bxd2 19. Qxd2 f4 20. Rc1 a6 21. Ka1
Rf7 22. Nb1 b6 23. Qd1 Ne8 24. Nd2 Nf6 25. Be2 Qd6 26. g4 fxg3 27. fxg3 h5
1/2-1/2

[Event "Hessen-ch Seniors op 9th"]
[Site "Bad Sooden"]
[Date "2013.04.27"]
[Round "8"]
[White "Fleischer, Martin"]
[Black "Hampe, Werner"]
[Result "1-0"]
[WhiteElo "1933"]
[BlackElo "1776"]
[PlyCount "92"]
[EventDate "2013.04.20"]
[EventType "swiss"]
[EventRounds "9"]
[EventCountry "GER"]
[SourceTitle "OM OTB B 201907"]
[Source "Opening Master"]
[SourceDate "2019.07.06"]
[SourceVersion "2"]
[SourceVersionDate "2019.07.06"]
[SourceQuality "1"]

1. e4 e5 2. Nf3 Nc6 3. c3 d6 4. h3 Be7 5. a3 Nf6 6. Qc2 O-O 7. d4 a6 8. Be3 Re8
9. d5 Nb8 10. c4 c5 11. Nc3 Nbd7 12. Be2 Rb8 13. b4 b6 14. O-O Nf8 15. Rab1 Qc7
16. Nh2 Ng6 17. f3 Nf4 18. Bd1 N6h5 19. Ne2 Bd7 20. Nxf4 Nxf4 21. Ng4 h5 22.
Nf2 g5 23. Kh2 f6 24. g3 Ng6 25. Rg1 Kh7 26. Qe2 Rh8 27. f4 Rbg8 28. bxc5 bxc5
29. fxg5 fxg5 30. Qxh5+ Kg7 31. Qf3 Qc8 32. g4 Nf4 33. Bxf4 exf4 34. Qb3 Bf6
35. Qb7 Kg6 36. Kg2 Bd4 37. Qxc8 Bxc8 38. Rh1 Kf6 39. Nd3 Ke7 40. Bf3 Rg7 41.
Rbe1 Kf6 42. Rd1 Ke7 43. Ne1 Rgh7 44. Nc2 Rh6 45. Nxd4 cxd4 46. Rxd4 a5 1-0

[Event "RA-2013-0-00268"]
[Site "Lechenicher SchachServer"]
[Date "2013.04.27"]
[Round "?"]
[White "Carroll, Patrick J"]
[Black "Bier, Ingrid"]
[Result "1/2-1/2"]
[WhiteElo "2088"]
[BlackElo "1409"]
[PlyCount "92"]
[EventDate "2013.03.21"]
[EventType "tourn"]
[EventRounds "5"]
[SourceTitle "OM Corr 202003"]
[Source "Opening Master"]
[SourceDate "2019.05.30"]
[SourceVersion "2"]
[SourceVersionDate "2019.05.30"]
[SourceQuality "1"]

1. e4 e5 2. Nf3 Nc6 3. c3 Nf6 4. d4 Nxe4 5. d5 Ne7 6. Nxe5 Ng6 7. Nxg6 hxg6 8.
Qe2 Qe7 9. Be3 Rh5 10. c4 Qe5 11. a3 b6 12. g3 Bb7 13. Bg2 Nd6 14. Nc3 O-O-O
15. O-O-O Re8 16. h4 Nf5 17. Rd3 Bc5 18. Bxc5 Qxe2 19. Nxe2 bxc5 20. Nf4 Rhh8
21. b4 cxb4 22. axb4 Nd6 23. c5 Ne4 24. Rd4 Nxf2 25. Rf1 Ng4 26. Nxg6 fxg6 27.
Rxg4 Ba6 28. Rf2 Re1+ 29. Kd2 Rhe8 30. Bf3 Bb5 31. Rxg6 Ra1 32. Bd1 Ra2+ 33.
Bc2 Ba4 34. Kd3 Ra3+ 35. Kc4 Bxc2 36. Rxc2 Re4+ 37. Kb5 Rd4 38. Ra6 Rb3 39. Rc4
Rxd5 40. Rxa7 Kb8 41. Ra1 Rxg3 42. Re4 Kb7 43. Rh1 Rd2 44. Rc1 c6+ 45. Kc4 Rb2
46. Ra1 Rbb3 1/2-1/2

[Event "Koge Niels Juel Cup"]
[Site "Koge"]
[Date "2013.04.26"]
[Round "9"]
[White "Aage, Bjarke"]
[Black "Andersen, Hans E"]
[Result "1-0"]
[WhiteElo "2067"]
[BlackElo "1719"]
[PlyCount "81"]
[EventDate "2013.04.20"]
[EventType "swiss"]
[EventRounds "10"]
[EventCountry "DEN"]
[SourceTitle "CBM 154 Extra"]
[Source "ChessBase"]
[SourceDate "2013.06.25"]
[SourceVersion "2"]
[SourceVersionDate "2013.06.25"]
[SourceQuality "1"]

1. e4 e5 2. Nf3 Nc6 3. c3 Nf6 4. d4 d5 5. Bb5 Bd7 6. exd5 Nxd5 7. Bxc6 Bxc6 8.
Nxe5 Qf6 9. O-O O-O-O 10. Qg4+ Bd7 11. Qg3 h6 12. Qf3 Qxf3 13. Nxf3 f6 14. a3
g5 15. c4 Ne7 16. Be3 Nf5 17. Nc3 h5 18. d5 g4 19. Nd4 Bd6 20. Nxf5 Bxf5 21.
Bd4 Rdf8 22. Rfe1 h4 23. c5 Bf4 24. d6 c6 25. Ne4 Be5 26. Bxe5 fxe5 27. b4 Rh5
28. a4 Be6 29. Re2 Rhf5 30. g3 hxg3 31. Nxg3 Bc4 32. Re4 Bd5 33. Nxf5 Bxe4 34.
Ne7+ Kd7 35. Re1 Rf4 36. Ng8 Bd5 37. Ne7 Rd4 38. Nxd5 Rxd5 39. a5 a6 40. Re4
Rd4 41. Rxd4 1-0

[Event "SLO-chT (Women)"]
[Site "Ljubljana"]
[Date "2013.04.25"]
[Round "5.3"]
[White "Nadvesnik, Maja"]
[Black "Urbanc, Ana"]
[Result "1/2-1/2"]
[WhiteElo "1775"]
[BlackElo "1442"]
[PlyCount "101"]
[EventDate "2013.04.18"]
[EventType "team-tourn"]
[EventRounds "7"]
[EventCountry "SLO"]
[SourceTitle "EXT 2015"]
[Source "ChessBase"]
[SourceDate "2014.11.20"]
[SourceVersion "1"]
[SourceVersionDate "2014.11.20"]
[SourceQuality "1"]
[WhiteTeam "Domzale  (W)"]
[BlackTeam "Triglav Krsko (W)"]
[WhiteTeamCountry "SLO"]
[BlackTeamCountry "SLO"]

1. e4 e5 2. Nf3 Nc6 3. c3 Nf6 4. d4 d6 5. Bb5 Bd7 6. O-O Be7 7. Re1 O-O 8. Bg5
a6 9. Ba4 b5 10. Bc2 Bg4 11. Be3 exd4 12. cxd4 Nb4 13. Nbd2 c5 14. e5 Nfd5 15.
exd6 Bxd6 16. Be4 Rc8 17. a3 Nxe3 18. fxe3 Nc6 19. dxc5 Bxc5 20. Rc1 Qb6 21.
Bxh7+ Kxh7 22. Qc2+ g6 23. Ng5+ Kg7 24. Qxc5 Qxc5 25. Rxc5 Rfe8 26. Nde4 Ne5
27. h3 Bf5 28. Rf1 Bxe4 29. Nxe4 Nd3 30. Rxc8 Rxc8 31. Nd6 Rc7 32. b4 Re7 33.
e4 f6 34. Rf3 Ne5 35. Rc3 Re6 36. Rc7+ Kh6 37. Nf7+ Nxf7 38. Rxf7 Kg5 39. Kf2
Rxe4 40. g3 Rc4 41. Re7 f5 42. Re6 Rc2+ 43. Kf3 Rc3+ 44. Re3 Rxe3+ 45. Kxe3 f4+
46. Kf3 fxg3 47. Kxg3 Kf5 48. h4 Kf6 49. Kf4 Kf7 50. Ke5 Ke7 51. Kf4 1/2-1/2